[Event "Basel Christmas op"]
[Site "Basel"]
[Date "2024.12.29"]
[Round "7"]
[White "Shchekachev, Andrei"]
[Black "Kostov, Deyan Samuil"]
[Result "1-0"]
[WhiteElo "2456"]
[BlackElo "2334"]
[PlyCount "79"]
[EventDate "2024.12.26"]
[EventType "swiss"]
[EventRounds "7"]
[EventCountry "SUI"]
[SourceTitle "CB01_2025"]
[SourceDate "2025.01.01"]
[SourceVersion "1"]
[SourceVersionDate "2025.01.01"]
[SourceQuality "1"]

1. e4 c5 2. Nf3 e6 3. d3 Nc6 4. g3 d5 5. Qe2 Nf6 6. Bg2 Be7 7. a4 b6 8. Na3 Bb7 9. 0-0 0-0 10. Bf4 a6 11. c3 Re8 12. e5 Nd7 13. d4 cxd4 14. cxd4 Na5 15. h4 Bc6 16. Ng5 h6 17. Nh3 Nb3 18. Rad1 Bxa4 19. Qg4 Kh7 20. Rfe1 Bxa3 21. bxa3 Na5 22. Rc1 Nb3 23. Rc3 Rc8 24. Ree3 Rxc3 25. Rxc3 Na5 26. Qh5 Kg8 27. Bxh6 Qe7 28. Bg5 Qf8 29. Rc7 Rc8 30. Be7 g6 31. Bxf8 Rxc7 32. Qg5 Nxf8 33. h5 Nc6 34. h6 Nh7 35. Qf4 Ne7 36. g4 Be8 37. Ng5 Rc4 38. Nxh7 Kxh7 39. Qf6 Kxh6 40. Qh8+ 1-0

[Event "Basel Christmas op"]
[Site "Basel"]
[Date "2024.12.28"]
[Round "5"]
[White "Heinrich, John"]
[Black "Shchekachev, Andrei"]
[Result "0-1"]
[WhiteElo "2265"]
[BlackElo "2456"]
[PlyCount "38"]
[EventDate "2024.12.26"]
[EventType "swiss"]
[EventRounds "7"]
[EventCountry "SUI"]
[SourceTitle "CB01_2025"]
[SourceDate "2025.01.01"]
[SourceVersion "1"]
[SourceVersionDate "2025.01.01"]
[SourceQuality "1"]

1. Nf3 g6 2. c4 Bg7 3. d4 c5 4. e4 d6 5. Nc3 Qa5 6. d5 Bxc3+ 7. bxc3 Nf6 8. Qc2 e5 9. Bd3 h6 10. 0-0 Nbd7 11. Nh4 Nh5 12. g3 Qd8 13. f4 Nxf4 14. Be3 Nh3+ 15. Kh1 Nf6 16. Be2 Ng5 17. Bf3 Bh3 18. Rf2 0-0 19. Re1 Kg7 0-1

[Event "Basel Christmas op"]
[Site "Basel"]
[Date "2024.12.27"]
[Round "3"]
[White "Shchekachev, Andrei"]
[Black "Farokhi, Keyvan"]
[Result "1-0"]
[WhiteElo "2456"]
[BlackElo "2338"]
[PlyCount "97"]
[EventDate "2024.12.26"]
[EventType "swiss"]
[EventRounds "7"]
[EventCountry "SUI"]
[SourceTitle "CB01_2025"]
[SourceDate "2025.01.01"]
[SourceVersion "1"]
[SourceVersionDate "2025.01.01"]
[SourceQuality "1"]

1. Nf3 Nf6 2. c4 e6 3. g3 d5 4. Bg2 Be7 5. 0-0 0-0 6. d4 dxc4 7. Qa4 a6 8. Qxc4 b5 9. Qc2 Bb7 10. Bf4 Nc6 11. Nc3 Nb4 12. Qd2 c5 13. dxc5 Qxd2 14. Bxd2 Bxc5 15. Rfc1 Rfc8 16. a4 Ng4 17. Nd1 Bf8 18. Rxc8 Rxc8 19. axb5 axb5 20. Bxb4 Bxb4 21. Nd4 Rb8 22. Bxb7 Rxb7 23. Ra8+ Bf8 24. Nc3 b4 25. Ne4 Nf6 26. Nc5 Rc7 27. Ndxe6 fxe6 28. Rxf8+ Kxf8 29. Nxe6+ Ke7 30. Nxc7 Kd6 31. Na6 b3 32. Nb4 Ne4 33. Kf1 g5 34. f3 Nd2+ 35. Kf2 Nc4 36. Nd3 Kd5 37. h4 gxh4 38. gxh4 Kd4 39. Nc1 Nxb2 40. Nxb3+ Kc3 41. Nc5 Nd1+ 42. Ke1 Ne3 43. h5 Kd4 44. Ne6+ Kd5 45. Ng5 h6 46. Nf7 Ng2+ 47. Kf2 Nf4 48. Nxh6 Nxh5 49. e3 1-0

[Event "Belgrade Trophy 37th"]
[Site "Belgrade"]
[Date "2024.12.01"]
[Round "9"]
[White "Divljan, Igor"]
[Black "Shchekachev, Andrei"]
[Result "0-1"]
[WhiteElo "2221"]
[BlackElo "2448"]
[PlyCount "84"]
[EventDate "2024.11.23"]
[EventType "swiss"]
[EventRounds "9"]
[EventCountry "SRB"]
[SourceTitle "CB49_2024"]
[SourceDate "2024.12.04"]
[SourceVersion "1"]
[SourceVersionDate "2024.12.04"]
[SourceQuality "1"]

1. d4 Nf6 2. Nf3 e6 3. Bf4 b6 4. e3 Bb7 5. Nbd2 g6 6. Bd3 Bg7 7. e4 d6 8. 0-0 Nc6 9. e5 dxe5 10. dxe5 Nd7 11. Re1 h6 12. h4 Nc5 13. Bf1 Qe7 14. a3 a5 15. Nb1 Rd8 16. Qc1 Nd4 17. Nxd4 Rxd4 18. g3 g5 19. Be3 Bxe5 20. Bxd4 Bxd4 21. Nc3 Qf6 22. Qd2 Qf3 23. Ne4 Bxe4 24. Rxe4 Qxf2+ 25. Qxf2 Bxf2+ 26. Kxf2 Nxe4+ 27. Kf3 Nd2+ 28. Kg4 f5+ 29. Kh5 Kf7 30. Bg2 Nc4 31. Rd1 Ne3 32. Rd7+ Kf6 33. Bh1 Nf1 34. Rd3 f4 35. gxf4 gxf4 36. Bg2 Ne3 37. Bf3 Rg8 38. Be4 Nf5 39. Bxf5 Kxf5 40. Rd7 e5 41. Rf7+ Ke6 42. Rxc7 f3 0-1

[Event "Belgrade Trophy 37th"]
[Site "Belgrade"]
[Date "2024.11.30"]
[Round "8"]
[White "Shchekachev, Andrei"]
[Black "Baghdasaryan, Davit"]
[Result "1/2-1/2"]
[WhiteElo "2448"]
[BlackElo "2121"]
[PlyCount "70"]
[EventDate "2024.11.23"]
[EventType "swiss"]
[EventRounds "9"]
[EventCountry "SRB"]
[SourceTitle "CB49_2024"]
[SourceDate "2024.12.04"]
[SourceVersion "1"]
[SourceVersionDate "2024.12.04"]
[SourceQuality "1"]

1. Nf3 c5 2. c4 Nc6 3. d4 cxd4 4. Nxd4 Nf6 5. Nc3 e6 6. g3 Qb6 7. Ndb5 Ne5 8. Bg2 a6 9. Na4 Qa5+ 10. Nbc3 Nxc4 11. 0-0 d5 12. b3 Ne5 13. e4 Bb4 14. Bb2 dxe4 15. Nxe4 Nxe4 16. Bxe4 0-0 17. Qd4 f6 18. a3 Be7 19. Rac1 Rb8 20. Qb6 Qxb6 21. Nxb6 Nc6 22. b4 e5 23. Rfd1 Rd8 24. Rxd8+ Bxd8 25. Nxc8 Rxc8 26. a4 Rb8 27. Bxc6 bxc6 28. Rxc6 Rxb4 29. Rc8 Rxb2 30. Rxd8+ Kf7 31. Rd7+ Kg6 32. Rd6 a5 33. Rd5 Kf5 34. Rxa5 Ra2 35. Ra7 g5 1/2-1/2

[Event "Belgrade Trophy 37th"]
[Site "Belgrade"]
[Date "2024.11.28"]
[Round "6"]
[White "Shchekachev, Andrei"]
[Black "Simbelov, Roman T"]
[Result "1-0"]
[WhiteElo "2448"]
[BlackElo "2196"]
[PlyCount "119"]
[EventDate "2024.11.23"]
[EventType "swiss"]
[EventRounds "9"]
[EventCountry "SRB"]
[SourceTitle "CB49_2024"]
[SourceDate "2024.12.04"]
[SourceVersion "1"]
[SourceVersionDate "2024.12.04"]
[SourceQuality "1"]

1. c4 e6 2. g3 d5 3. Bg2 Nf6 4. Nf3 Nbd7 5. Qc2 Bd6 6. 0-0 0-0 7. d3 c5 8. cxd5 Nxd5 9. Nc3 N7f6 10. a3 Bd7 11. Ne4 Be7 12. Ne5 Be8 13. Bd2 Rc8 14. Rac1 b5 15. Ng5 Nd7 16. Nxd7 Bxd7 17. Nf3 Bc6 18. Ne5 Ba8 19. a4 a6 20. axb5 axb5 21. Ra1 Qd6 22. Nf3 Rfd8 23. Rfc1 c4 24. dxc4 Rxc4 25. Qb3 Nf6 26. Bf4 Qb4 27. Qxb4 Rxb4 28. Ne5 Nd5 29. Nd3 Nxf4 30. gxf4 Ra4 31. b3 Rxa1 32. Rxa1 Bxg2 33. Kxg2 g6 34. Ra7 Bd6 35. Rb7 Rb8 36. Rd7 Rb6 37. h3 b4 38. e3 Rc6 39. Nb2 Rc2 40. Nc4 Bc5 41. Kf3 Rc3 42. Ne5 Rxb3 43. Nxf7 Rc3 44. Rb7 Bf8 45. Nd8 Bd6 46. Nxe6 Rc6 47. Nd4 Rc1 48. f5 gxf5 49. Nxf5 Bc5 50. Ke4 Rc2 51. f4 Rc3 52. Nd4 h5 53. f5 h4 54. f6 Bxd4 55. Kxd4 Rc1 56. Ke5 Rc3 57. e4 Rxh3 58. Ke6 Rf3 59. Rb8+ Kh7 60. f7 1-0

[Event "Belgrade Trophy 37th"]
[Site "Belgrade"]
[Date "2024.11.27"]
[Round "5"]
[White "Shchekachev, Andrei"]
[Black "Dorokhina, Elizaveta"]
[Result "1-0"]
[WhiteElo "2448"]
[BlackElo "2064"]
[PlyCount "73"]
[EventDate "2024.11.23"]
[EventType "swiss"]
[EventRounds "9"]
[EventCountry "SRB"]
[SourceTitle "CB49_2024"]
[SourceDate "2024.12.04"]
[SourceVersion "1"]
[SourceVersionDate "2024.12.04"]
[SourceQuality "1"]

1. Nf3 d5 2. g3 Nf6 3. Bg2 Bf5 4. c4 c6 5. Qb3 Qb6 6. cxd5 cxd5 7. Nc3 e6 8. 0-0 Nbd7 9. Qxb6 axb6 10. Nd4 Bg6 11. Ndb5 Ra5 12. d4 Bb4 13. Bf4 0-0 14. Bd6 Bxd6 15. Nxd6 Rb8 16. Rfc1 Kf8 17. a4 Ne8 18. Ndb5 Ke7 19. f3 Raa8 20. e4 Ndf6 21. exd5 Nxd5 22. Nxd5+ exd5 23. Bh3 Bd3 24. Nc7 Nxc7 25. Rxc7+ Kf6 26. b3 b5 27. Rd1 Bg6 28. axb5 Ra3 29. Re1 Rxb3 30. Rd7 Bd3 31. Rd6+ Kg5 32. Re5+ f5 33. Bxf5 Rb1+ 34. Kf2 Rb2+ 35. Ke3 Re2+ 36. Kxd3 Rxe5 37. Bg4 1-0

[Event "Belgrade Trophy 37th"]
[Site "Belgrade"]
[Date "2024.11.25"]
[Round "3"]
[White "Leftheriotis, Alexandros"]
[Black "Shchekachev, Andrei"]
[Result "1-0"]
[WhiteElo "2165"]
[BlackElo "2448"]
[PlyCount "61"]
[EventDate "2024.11.23"]
[EventType "swiss"]
[EventRounds "9"]
[EventCountry "SRB"]
[SourceTitle "CB49_2024"]
[SourceDate "2024.12.04"]
[SourceVersion "1"]
[SourceVersionDate "2024.12.04"]
[SourceQuality "1"]

1. e4 Nc6 2. Nc3 Nf6 3. d4 d6 4. f3 e5 5. Nge2 exd4 6. Nxd4 Be7 7. Be3 0-0 8. Qd2 Nxd4 9. Bxd4 Be6 10. 0-0-0 c6 11. g4 b5 12. Kb1 b4 13. Ne2 c5 14. Be3 Qa5 15. b3 d5 16. g5 d4 17. Bf2 Nd7 18. f4 Bg4 19. Rg1 f5 20. exf5 Bxf5 21. Ng3 Bg4 22. Re1 Bd6 23. h3 Bxf4 24. Bc4+ Kh8 25. Qd3 Ne5 26. Rxe5 Bxe5 27. hxg4 Rxf2 28. Rh1 g6 29. Qe4 Re8 30. Qxg6 Re7 31. Qg8# 1-0

[Event "Cap d'Agde op 22nd"]
[Site "Cap d'Agde"]
[Date "2024.11.02"]
[Round "9"]
[White "Sivuk, Vitaly"]
[Black "Shchekachev, Andrei"]
[Result "1-0"]
[WhiteElo "2519"]
[BlackElo "2454"]
[PlyCount "51"]
[EventDate "2024.10.26"]
[EventType "swiss"]
[EventRounds "9"]
[EventCountry "FRA"]
[SourceTitle "CB45_2024"]
[Source "ChessBase"]
[SourceDate "2024.11.06"]
[SourceVersion "1"]
[SourceVersionDate "2024.11.06"]
[SourceQuality "1"]

1. d4 Nf6 2. c4 e6 3. Nf3 Bb4+ 4. Nbd2 0-0 5. a3 Be7 6. e4 d6 7. Be2 Nbd7 8. Qc2 c5 9. d5 e5 10. Nf1 Nh5 11. Nxe5 Nxe5 12. Bxh5 f5 13. f4 Nd7 14. exf5 Bf6 15. Bd2 Bd4 16. 0-0-0 b5 17. Be2 Nb6 18. g4 Nxc4 19. Bxc4 bxc4 20. Bc3 Qb6 21. Qd2 Rb8 22. Ng3 Qb3 23. Ne2 Rf7 24. Nxd4 cxd4 25. Qxd4 Bd7 26. Kd2 1-0

[Event "FRA-ch Accession 97th"]
[Site "L'Alpe d'Huez"]
[Date "2024.08.18"]
[Round "2"]
[White "Shchekachev, Andrei"]
[Black "Degardin, Sylvain"]
[Result "1/2-1/2"]
[WhiteElo "2465"]
[BlackElo "2266"]
[PlyCount "163"]
[EventDate "2024.08.17"]
[EventType "swiss"]
[EventRounds "9"]
[EventCountry "FRA"]
[SourceTitle "CBM 221 Extra"]
[Source "ChessBase"]
[SourceDate "2024.09.30"]
[SourceVersion "1"]
[SourceVersionDate "2024.09.30"]
[SourceQuality "1"]

1. d4 Nf6 2. c4 g6 3. Nc3 Bg7 4. e4 d6 5. Nf3 0-0 6. Be2 e5 7. 0-0 Nc6 8. d5 Ne7 9. b4 Nh5 10. Re1 f5 11. a4 a5 12. bxa5 Rxa5 13. Nd2 Nf6 14. Ba3 b6 15. Bd3 Ra8 16. Nb5 fxe4 17. Nxe4 Nxe4 18. Bxe4 Nf5 19. Bb4 Nd4 20. Qd3 Rf7 21. f3 Nxb5 22. cxb5 Bh6 23. Re2 Bf5 24. Be1 Ra7 25. Raa2 Bg5 26. Qc4 Qa8 27. h4 Bf4 28. g3 Bh6 29. Kg2 Qc8 30. Ra3 Bh3+ 31. Kg1 Bf5 32. Kh2 Qf8 33. Kg2 Bd7 34. Rc2 g5 35. hxg5 Bxg5 36. Kh1 Qe8 37. Qd3 Qf8 38. Rh2 Bf5 39. Bxf5 Rxf5 40. Qe4 Rf7 41. Rc3 Qg7 42. Rc4 Ra8 43. Rhc2 Raf8 44. R4c3 Bd8 45. Rh2 Rf6 46. Bf2 Rh6 47. Rxh6 Qxh6+ 48. Kg2 Qh5 49. Rc4 Rf6 50. Qg4+ Qxg4 51. Rxg4+ Rg6 52. Rxg6+ hxg6 53. Kh3 Kf7 54. Kg4 Ke8 55. Be3 Kf7 56. Bd2 Be7 57. Bb4 Bd8 58. Be1 Be7 59. Bf2 Bd8 60. Be3 Be7 61. Kh3 Kf6 62. Kg2 Kf7 63. Kf2 Bd8 64. Ke2 Be7 65. Kd3 Ke8 66. Ke4 Kf7 67. Bd2 Bd8 68. Kd3 Ke8 69. Kc4 Kd7 70. Kd3 Ke8 71. Ke4 Kf7 72. f4 exf4 73. gxf4 Ke8 74. Kf3 Kf7 75. Kg4 Be7 76. Bc3 Bd8 77. a5 bxa5 78. Bxa5 Ke8 79. Bc3 Kf7 80. Bd4 Ke8 81. Bg7 Kf7 82. Bd4 1/2-1/2

[Event "Paris-ch IdF"]
[Site "Villemomble"]
[Date "2024.07.09"]
[Round "4"]
[White "Shchekachev, Andrei"]
[Black "Patil, Priyanshu"]
[Result "1-0"]
[WhiteElo "2487"]
[BlackElo "2216"]
[PlyCount "105"]
[EventDate "2024.07.07"]
[EventType "swiss"]
[EventRounds "9"]
[EventCountry "FRA"]
[SourceTitle "EXT 2025"]
[Source "ChessBase"]
[SourceDate "2024.10.14"]
[SourceVersion "1"]
[SourceVersionDate "2024.10.14"]
[SourceQuality "1"]

1. e4 c5 2. Nf3 d6 3. c3 Nf6 4. Be2 Nc6 5. d4 cxd4 6. cxd4 Nxe4 7. d5 Qa5+ 8. Nc3 Nxc3 9. bxc3 Ne5 10. 0-0 Nxf3+ 11. Bxf3 Bf5 12. Be3 g6 13. Bd4 Rg8 14. Re1 Qc7 15. a4 Bg7 16. Bxg7 Rxg7 17. g4 Bc8 18. Qd4 Kf8 19. a5 f6 20. Re3 Bd7 21. Rae1 Qc5 22. Qxc5 dxc5 23. Rb1 Rb8 24. c4 Bc8 25. Rb5 b6 26. axb6 axb6 27. Reb3 h5 28. h3 hxg4 29. hxg4 Rh7 30. Rxb6 Rxb6 31. Rxb6 Ke8 32. Rc6 Bd7 33. Rxc5 Rh4 34. Kg2 g5 35. Kg3 Kd8 36. Be2 Rh1 37. Ra5 Rg1+ 38. Kh2 Re1 39. Bf3 Rc1 40. c5 Rc3 41. Kg2 f5 42. c6 Bc8 43. gxf5 Kc7 44. Be4 g4 45. Ra7+ Kd6 46. Ra8 Kc7 47. f6 exf6 48. d6+ Kxd6 49. Rxc8 Ke5 50. Re8+ Kf4 51. Bd5 Rc5 52. Re4+ Kf5 53. Rc4 1-0

[Event "Paris-ch IdF"]
[Site "Villemomble"]
[Date "2024.07.07"]
[Round "1"]
[White "Shchekachev, Andrei"]
[Black "Bergez, Luc"]
[Result "1-0"]
[WhiteElo "2487"]
[BlackElo "2294"]
[PlyCount "95"]
[EventDate "2024.07.07"]
[EventType "swiss"]
[EventRounds "9"]
[EventCountry "FRA"]
[SourceTitle "EXT 2025"]
[Source "ChessBase"]
[SourceDate "2024.10.14"]
[SourceVersion "1"]
[SourceVersionDate "2024.10.14"]
[SourceQuality "1"]

1. Nf3 Nf6 2. c4 e6 3. Nc3 d5 4. d4 Be7 5. Bf4 0-0 6. Qc2 c6 7. e3 Nh5 8. Be5 Nd7 9. Bd3 g6 10. h3 Nxe5 11. Nxe5 c5 12. g4 dxc4 13. Bxc4 Nf6 14. dxc5 Bxc5 15. g5 Nh5 16. h4 Qc7 17. Ng4 Bb4 18. Qb3 Qa5 19. a3 Bxc3+ 20. Qxc3 Qxc3+ 21. bxc3 b6 22. Be2 Bb7 23. Rg1 Rac8 24. c4 Rc5 25. f4 Rd8 26. Kf2 Kf8 27. Rgd1 Rxd1 28. Rxd1 Ke7 29. Nh6 f5 30. Bxh5 gxh5 31. Ng8+ Kf7 32. Nf6 Bc6 33. Rd8 Rxc4 34. Rh8 e5 35. Rxh7+ Ke6 36. Nxh5 Rc2+ 37. Ke1 Bf3 38. Rh6+ Kd5 39. Ng3 Rg2 40. g6 Be4 41. Nxe4 Kxe4 42. Kf1 Rg3 43. fxe5 Kxe5 44. Kf2 f4 45. h5 Kf5 46. exf4 Kxf4 47. Rh7 Rg5 48. g7 1-0

[Event "French Rapid op"]
[Site "Saint Maur des Fosses"]
[Date "2024.06.15"]
[Round "6"]
[White "Bellahcene, Bilel"]
[Black "Shchekachev, Andrei"]
[Result "1-0"]
[WhiteElo "2544"]
[BlackElo "2492"]
[PlyCount "107"]
[EventDate "2024.06.15"]
[EventType "swiss (rapid)"]
[EventRounds "9"]
[EventCountry "FRA"]
[SourceTitle "CBM 220 Extra"]
[Source "ChessBase"]
[SourceDate "2024.07.31"]
[SourceVersion "1"]
[SourceVersionDate "2024.07.31"]
[SourceQuality "1"]

1. e4 c5 2. Nf3 e6 3. d4 cxd4 4. Nxd4 a6 5. c4 Nf6 6. Nc3 Qc7 7. a3 b6 8. Be3 Bb7 9. f3 Nc6 10. Be2 Be7 11. Qd2 0-0 12. 0-0-0 Na5 13. Kb1 Rac8 14. Rc1 Qb8 15. Na4 Bd8 16. b4 Nxc4 17. Bxc4 b5 18. Bxe6 dxe6 19. Rxc8 Qxc8 20. Rc1 Qa8 21. Nc5 Bc8 22. Bf4 Be7 23. Ncb3 Bd7 24. Nc5 Bc8 25. Bc7 Re8 26. Ndb3 h6 27. Na5 e5 28. Qb2 Bxc5 29. bxc5 Nd7 30. c6 Nf8 31. Bxe5 f6 32. Bd6 Ng6 33. Qd4 Kh7 34. c7 Be6 35. Bg3 Qc8 36. Nc6 Bg8 37. Nd8 f5 38. Kb2 Bc4 39. Rc2 fxe4 40. fxe4 h5 41. h3 h4 42. Bh2 Ne7 43. e5 Nf5 44. Qg4 g6 45. e6 Bxe6 46. Nxe6 Qxe6 47. Qb4 Rc8 48. Qc3 a5 49. Qxa5 Qd5 50. Qc3 Qe6 51. Rd2 Ne3 52. Rd8 Nc4+ 53. Kc1 Qf5 54. Qh8# 1-0

[Event "French Rapid op"]
[Site "Saint Maur des Fosses"]
[Date "2024.06.15"]
[Round "4"]
[White "Moussard, Jules"]
[Black "Shchekachev, Andrei"]
[Result "1/2-1/2"]
[WhiteElo "2610"]
[BlackElo "2492"]
[PlyCount "95"]
[EventDate "2024.06.15"]
[EventType "swiss (rapid)"]
[EventRounds "9"]
[EventCountry "FRA"]
[SourceTitle "CBM 220 Extra"]
[Source "ChessBase"]
[SourceDate "2024.07.31"]
[SourceVersion "1"]
[SourceVersionDate "2024.07.31"]
[SourceQuality "1"]

1. e4 c5 2. Nf3 e6 3. d4 cxd4 4. Nxd4 a6 5. Bd3 Nf6 6. 0-0 Qc7 7. Qe2 d6 8. f4 Nbd7 9. c4 Be7 10. Nc3 0-0 11. Kh1 b6 12. Bd2 Re8 13. Rae1 Bb7 14. Qf3 g6 15. Qh3 e5 16. Nf3 exf4 17. Bxf4 Bf8 18. Nd5 Bxd5 19. exd5 Bg7 20. b3 Nh5 21. Bd2 Nhf6 22. Ng5 h6 23. Nf3 h5 24. Qg3 Ng4 25. h3 Nge5 26. Ng5 Re7 27. Bb1 Rae8 28. Ne4 f5 29. Ng5 Nf8 30. Qf2 b5 31. cxb5 axb5 32. Bb4 Qd8 33. Qg3 Qd7 34. Rc1 Bh6 35. Rcd1 Bg7 36. Bc2 Ra8 37. a3 Rc8 38. Rf2 Rce8 39. Bb1 Ra8 40. Rc1 Rae8 41. Rcf1 Rc8 42. Rd1 Rce8 43. Rff1 Qd8 44. Rc1 Bh6 45. Rcd1 Bg7 46. Rf2 Qb6 47. Rff1 Qd8 48. Rf2 1/2-1/2

[Event "FRA-chT Top 16 GpB"]
[Site "Chartres"]
[Date "2024.06.03"]
[Round "5.13"]
[White "Pranesh, Munirethinam"]
[Black "Shchekachev, Andrei"]
[Result "1-0"]
[WhiteElo "2535"]
[BlackElo "2492"]
[PlyCount "97"]
[EventDate "2024.05.30"]
[EventType "team-tourn"]
[EventRounds "7"]
[EventCountry "FRA"]
[SourceTitle "CBM 220 Extra"]
[Source "ChessBase"]
[SourceDate "2024.07.31"]
[SourceVersion "1"]
[SourceVersionDate "2024.07.31"]
[SourceQuality "1"]
[WhiteTeam "Cannes"]
[BlackTeam "Tremblay en France"]
[WhiteTeamCountry "FRA"]
[BlackTeamCountry "FRA"]

1. e4 e5 2. Nf3 Nc6 3. Bb5 a6 4. Ba4 Nf6 5. Nc3 d6 6. Bxc6+ bxc6 7. d4 Nd7 8. dxe5 dxe5 9. h4 Bd6 10. h5 Qe7 11. Nh4 g6 12. Qf3 Nc5 13. Be3 Be6 14. 0-0-0 0-0-0 15. Qe2 Kb7 16. g4 Nd7 17. Nd5 cxd5 18. exd5 Nb6 19. dxe6 Qxe6 20. Kb1 Be7 21. Rde1 Rd5 22. Bxb6 cxb6 23. Ng2 Rhd8 24. Qf3 Qc6 25. hxg6 hxg6 26. Ne3 R5d7 27. Qxc6+ Kxc6 28. Nc4 f6 29. g5 b5 30. gxf6 Bxf6 31. Ne3 Bg5 32. Ng4 Bf4 33. Nf6 Rf7 34. Ne4 Rg8 35. Rd1 a5 36. Rd6+ Kb7 37. Rhd1 Rc7 38. R1d5 Rc4 39. Nc5+ Kc7 40. Ne6+ Kc8 41. Rxb5 Rh8 42. c3 a4 43. Kc2 Re4 44. Rc5+ Kb8 45. Kd3 Re1 46. Rb6+ Ka7 47. Rb4 Rh3+ 48. Kc4 Re4+ 49. Nd4 1-0

[Event "FRA-chT Top 16 GpB"]
[Site "Chartres"]
[Date "2024.06.01"]
[Round "3.4"]
[White "Marin, Mihail"]
[Black "Shchekachev, Andrei"]
[Result "1/2-1/2"]
[WhiteElo "2456"]
[BlackElo "2492"]
[PlyCount "40"]
[EventDate "2024.05.30"]
[EventType "team-tourn"]
[EventRounds "7"]
[EventCountry "FRA"]
[SourceTitle "CBM 220 Extra"]
[Source "ChessBase"]
[SourceDate "2024.07.31"]
[SourceVersion "1"]
[SourceVersionDate "2024.07.31"]
[SourceQuality "1"]
[WhiteTeam "Medoc Lesparre"]
[BlackTeam "Tremblay en France"]
[WhiteTeamCountry "FRA"]
[BlackTeamCountry "FRA"]

1. c4 c5 2. g3 g6 3. Bg2 Bg7 4. Nc3 Nc6 5. Nf3 d6 6. 0-0 h5 7. d3 Nh6 8. a3 Nf5 9. Ng5 Qd7 10. Bd2 b6 11. b4 Bb7 12. b5 Ne5 13. e4 Nd4 14. f4 Ng4 15. h3 Nh6 16. Ra2 f5 17. Ne2 Nf7 18. Nxf7 Kxf7 19. Be3 a6 20. bxa6 Nxe2+ 1/2-1/2

[Event "FRA-chT Top 16 GpB"]
[Site "Chartres"]
[Date "2024.05.31"]
[Round "2.12"]
[White "Shchekachev, Andrei"]
[Black "Mamedov, Rauf"]
[Result "1/2-1/2"]
[WhiteElo "2492"]
[BlackElo "2651"]
[PlyCount "21"]
[EventDate "2024.05.30"]
[EventType "team-tourn"]
[EventRounds "7"]
[EventCountry "FRA"]
[SourceTitle "CBM 220 Extra"]
[Source "ChessBase"]
[SourceDate "2024.07.31"]
[SourceVersion "1"]
[SourceVersionDate "2024.07.31"]
[SourceQuality "1"]
[WhiteTeam "Tremblay en France"]
[BlackTeam "Chartres"]
[WhiteTeamCountry "FRA"]
[BlackTeamCountry "FRA"]

1. d4 Nf6 2. Nf3 d5 3. c4 c6 4. Nc3 e6 5. e3 Nbd7 6. Be2 Bd6 7. 0-0 0-0 8. b3 e5 9. dxe5 Nxe5 10. cxd5 Nxf3+ 11. Bxf3 1/2-1/2

[Event "Cap d'Agde op 21st"]
[Site "Cap d'Agde"]
[Date "2023.11.04"]
[Round "9"]
[White "Razafindratsima, Timothe"]
[Black "Shchekachev, Andrei"]
[Result "0-1"]
[WhiteElo "2459"]
[BlackElo "2505"]
[PlyCount "92"]
[EventDate "2023.10.28"]
[EventType "swiss"]
[EventRounds "9"]
[EventCountry "FRA"]
[SourceTitle "CBM 217 Extra"]
[Source "ChessBase"]
[SourceDate "2024.01.31"]
[SourceVersion "1"]
[SourceVersionDate "2024.01.31"]
[SourceQuality "1"]

1. e4 e5 2. Nf3 Nc6 3. Bb5 a6 4. Ba4 Nf6 5. 0-0 d6 6. c3 Bd7 7. Re1 g6 8. d4 Bg7 9. d5 Ne7 10. Bxd7+ Qxd7 11. c4 0-0 12. Nc3 h6 13. Rb1 Nh5 14. b4 Kh7 15. Rb3 Qe8 16. Ne2 Qd7 17. Nc3 Qe8 18. c5 f5 19. b5 axb5 20. exf5 Nf6 21. Nxb5 Qd7 22. fxg6+ Nxg6 23. Nc3 Qf5 24. Rxb7 dxc5 25. Qe2 e4 26. Nxe4 Nxd5 27. Nxc5 Rfe8 28. Qd2 Ngf4 29. g3 Bc3 30. Rxc7+ Nxc7 31. Qxc3 Ne2+ 32. Rxe2 Rxe2 33. Nd3 Nd5 34. Qc6 Qxf3 35. Qxh6+ Kg8 36. Qg6+ Kf8 37. Bh6+ Ke7 38. Bg5+ Kd7 39. Qg7+ Kd6 40. Qd4 Raxa2 41. Qc5+ Ke6 42. Nf4+ Nxf4 43. Qc8+ Kd5 44. Qf5+ Kc4 45. Qf7+ Kb5 46. Qf5+ Qd5 0-1

[Event "Cap d'Agde op 21st"]
[Site "Cap d'Agde"]
[Date "2023.11.02"]
[Round "7"]
[White "Bellahcene, Bilel"]
[Black "Shchekachev, Andrei"]
[Result "1-0"]
[WhiteElo "2520"]
[BlackElo "2505"]
[PlyCount "55"]
[EventDate "2023.10.28"]
[EventType "swiss"]
[EventRounds "9"]
[EventCountry "FRA"]
[SourceTitle "CBM 217 Extra"]
[Source "ChessBase"]
[SourceDate "2024.01.31"]
[SourceVersion "1"]
[SourceVersionDate "2024.01.31"]
[SourceQuality "1"]

1. e4 e5 2. Nc3 Nc6 3. g3 Bc5 4. Bg2 d6 5. Nge2 a6 6. 0-0 Nge7 7. d3 0-0 8. Kh1 f5 9. f4 Be6 10. g4 fxe4 11. f5 exd3 12. Qxd3 Nb4 13. Qd1 Nxf5 14. gxf5 Rxf5 15. Ng3 Rxf1+ 16. Nxf1 Bd4 17. Ne4 d5 18. a3 dxe4 19. axb4 Qh4 20. c3 Bb6 21. Qe2 Rf8 22. Be3 Bxe3 23. Qxe3 Bd5 24. Ng3 Rf4 25. Re1 h6 26. Bxe4 Rxe4 27. Nxe4 Qg4 28. h3 1-0

[Event "Paris-ch IdF"]
[Site "Paris"]
[Date "2023.07.14"]
[Round "5"]
[White "Di Nicolantonio, Lucas"]
[Black "Shchekachev, Andrei"]
[Result "1/2-1/2"]
[WhiteElo "2374"]
[BlackElo "2505"]
[PlyCount "92"]
[EventDate "2023.07.11"]
[EventType "swiss"]
[EventRounds "9"]
[EventCountry "FRA"]
[SourceTitle "CBM 215 Extra"]
[Source "ChessBase"]
[SourceDate "2023.09.30"]
[SourceVersion "1"]
[SourceVersionDate "2023.09.30"]
[SourceQuality "1"]

1. e4 c5 2. Nf3 d6 3. d4 cxd4 4. Nxd4 Nf6 5. Nc3 Bd7 6. f3 e5 7. Nb3 Be7 8. Be3 0-0 9. Qd2 a5 10. a4 Na6 11. 0-0-0 Nc7 12. Bb6 Qb8 13. Kb1 Bc6 14. Qf2 Nd7 15. Bxc7 Qxc7 16. Bb5 Nb6 17. Rd3 Rfb8 18. Nc1 Rd8 19. Rhd1 Rd7 20. N1e2 Rad8 21. Nd5 Nxd5 22. Rxd5 Rf8 23. Nc3 f5 24. Qd2 Rdd8 25. exf5 Rxf5 26. Rd3 Bg5 27. Qe2 Kh8 28. Nd5 Qf7 29. Bc4 Qf8 30. Nc7 Rd7 31. Nb5 Rf6 32. Nc3 Rh6 33. Ne4 Bxe4 34. Qxe4 Rxh2 35. Qg4 Qe7 36. g3 Rd8 37. Qe4 b6 38. Qc6 Rh6 39. Bd5 Qe8 40. Qxb6 Qxa4 41. Ra3 Qb4 42. Qxa5 Qxa5 43. Rxa5 Be3 44. b4 Rf6 45. Ka2 h5 46. Kb3 g5 1/2-1/2